000 00884nam a2200229Ii 4500
003 JO-AjNU
008 230605s9999||||xx |||||||||||||| ||und||
017 _a1998/15229
020 _a977-5723-12-4
040 _aJO-AjNU
_bara
_erda
_cJO-AjNU
041 _aara
050 1 4 _aHG1616.M3.K483 1999
100 3 _aالخضري، محسن احمد,
_eauthor
_932285
245 0 0 _aالتسويق المصرفي: مدخل متكامل للبنوك لامتلاك منظومة المزايا التنافسية في عالم ما بعد الجات
250 _aط1
264 3 1 _aالقاهرة: ايتراك للنشر والتوزيع، 1999
300 _a411ص
_bيحتوي على ببلوغرافية من 399-411ص
336 _atext
_btxt
_2rdacontent
337 _aunmediated
_bn
_2rdamedia
338 _avolume
_bnc
_2rdacarrier
650 4 _aالبنوك -التسويق
_932286
999 _aA13015
_c16583
_d16583